| 000 | 00418nam a2200181Ia 4500 | ||
|---|---|---|---|
| 999 |
_c132 _d132 |
||
| 003 | 0100 | ||
| 008 | 130227s9999 xx 000 0 und d | ||
| 040 | _cARRUPELIB | ||
| 050 | _aGN776.N54M3 | ||
| 100 |
_aMcBurney, Charles Brian Montagu _938241 |
||
| 245 | 4 | _aThe stone age of Northern Africa | |
| 260 |
_aHarmonsworth: _bPenguin Books, |
||
| 300 | _a288p | ||
| 300 | _b 18cm | ||
| 650 |
_aStone age _zAfrica, North _938242 |
||
| 942 |
_2lcc _cMONOGRAPH |
||